000
00216 a2200097 4500
001
11772
100
_a
Hubbell, J.G.
245
_a
Strike in the West
260
_a
_b
Holt, Rinehart & winston
_c
090
_c
9028
_d
9028
942
_a
NUST-CAE
_c
M
_c
35854
999
_c
246845
_d
246845